| 000 | 00581nam a22001817a 4500 | ||
|---|---|---|---|
| 003 | CEME | ||
| 005 | 20221205123228.0 | ||
| 008 | 210308b xxu||||| |||| 00| 0 eng d | ||
| 020 | _a0-13-158940-7 | ||
| 040 | _c. | ||
| 082 | _a004.165 LIV'C | ||
| 100 |
_aWard, Christopher , Livardas, Panos E _966963 |
||
| 245 | _aCompuer organization and the mc68000 | ||
| 260 |
_aNEWJERSY _bPRENTICE HALL _c1993 |
||
| 300 | _aXXI, 498P | ||
| 650 |
_aCOMPUTER ORGANIZATION ASSEMBLER LANGUAGE (COMPUTER PROGRAM LANGUAGE) MOTOROLAS 68000 (MICROPROCESSOR)-PROGRAMMING _966964 |
||
| 942 |
_cBK _2ddc |
||
| 999 |
_c574822 _d574822 |
||